| 000 | 00708nam a22002297a 4500 | ||
|---|---|---|---|
| 005 | 20170124105952.0 | ||
| 010 | _aB-006299 | ||
| 020 |
_c50.00 _a8170146534 |
||
| 035 | _aB-006299 | ||
| 037 | _bCen Lib/Ret | ||
| 040 |
_aDPL _bEN |
||
| 082 |
_a338.7 _bGUP |
||
| 100 |
_aGupta, C.B. _973747 |
||
| 245 |
_aFundamental of business / _cby C.B. Gupta |
||
| 250 | _a4th rev ed | ||
| 260 |
_aNew Delhi _bSultan Chand & Sons _c1999 |
||
| 270 |
_bNew Delhi _e110002 _a23, dariya ganj |
||
| 300 |
_avarious pagings _c21cm(Hb) |
||
| 650 |
_aSchool management and organization--Decision making _973748 |
||
| 650 |
_aDecision making--Data processing _973749 |
||
| 942 |
_2ddc _cEN _h338.7 _mGUP |
||
| 999 |
_c125309 _d125309 |
||